000 01994nam0a22003611 4500
001 rc\272612
005 20260407063425.0
021 _aRU
_b90-62048
035 _a(NLR Aleph) 005487361
090 _a5170770
_c5170770
100 _a20030307d1990 |||y0rusy50 ca
101 0 _arus
102 _aRU
105 _ay z||||||||
181 0 _ai
_baxxe
182 0 _an
200 1 _aОрганизации США, занятые разработкой и исследованиями СВС-процессов, и их место в общей системе руководства наукой в США
_fИ.П. Лебедев, Р.А. Барзыкина
_gМежотраслевой научно-технический комплекс "Термосинтез", Институт структурной макрокинетики АН СССР
203 _aТекст
_bвизуальный
_cнепосредственный
210 _aЧерноголовка
_cИнститут структурной макрокинетики
_a[Москва]
_cНаука
_d1990
215 _d21
_a59 с.
320 _aБиблиогр.: с. 59
606 1 _aВысокотемпературный синтез самораспространяющийся
_91173398
_3RU\NLR\AUTH\66153576
686 1 _aГ543.1
700 1 _aЛебедев
_bИ. П.
_gИгорь Петрович
701 1 _aБарзыкина
_bР. А.
_gРимма Александровна
712 0 2 _4475
_aИнститут структурной макрокинетики и проблем материаловедения им. А. Г. Мержанова
_cЧерноголовка
_9699407
_3RU\NLR\AUTH\880519300
712 0 2 _4475
_a"Термосинтез", межотраслевой науч.-техн. комплекс
_cЧерноголовка
_3RU\NLR\AUTH\8810030748
_9560127
801 0 _aRU
_bNLR
_gpsbo
801 1 _aRU
_bELAR
_2rusmarc
852 _aNLR
_j90-6/2905
942 _cBOOK
980 _aNB